Sermones sobre diferentes evangelios de quaresma, y acerca de diversos assumptos de la moral christiana (Record no. 8433)
[ view plain ]
| 000 -CABECERA | |
|---|---|
| campo de control de longitud fija | 01196nam a2200277 a 4500 |
| 001 - NÚMERO DE CONTROL | |
| campo de control | BRCA_8782 |
| 005 - FECHA Y HORA DE LA ÚLTIMA TRANSACCIÓN | |
| campo de control | 20190320210417.0 |
| 008 - DATOS DE LONGITUD FIJA--INFORMACIÓN GENERAL | |
| campo de control de longitud fija | 050417s1730----sp-#######---#000-0#spa-# |
| 041 ## - CÓDIGO DE LENGUA | |
| Código de lengua del texto/banda sonora o título independiente | spa |
| 044 ## - CÓDIGO DEL PAÍS DE LA ENTIDAD EDITORA/PRODUCTORA | |
| Código MARC del país | sp |
| 084 ## - OTRO NÚMERO DE CLASIFICACIÓN | |
| Número de clasificación | BE156 |
| Número de documento/Ítem | .M37 1730 |
| 100 1# - ENTRADA PRINCIPAL--NOMBRE DE PERSONA | |
| Nombre de persona | Masillon, Juan Bautista |
| 9 (RLIN) | 21887 |
| 245 10 - MENCIÓN DE TÍTULO | |
| Título | Sermones sobre diferentes evangelios de quaresma, y acerca de diversos assumptos de la moral christiana |
| Mención de responsabilidad, etc. | por el ilustrissimo, y Rmo. Señor Don Juan Bautista Masillon. Obispo de Clermont de la Douve, en Francia. |
| 260 ## - PUBLICACIÓN, DISTRIBUCIÓN, ETC. | |
| Lugar de publicación, distribución, etc. | Madrid |
| Nombre del editor, distribuidor, etc. | En la Imprenta de Bernardo Peralta, vive en calle del Horno de la Mata |
| Fecha de publicación, distribución, etc. | 1730 |
| 300 ## - DESCRIPCIÓN FÍSICA | |
| Extensión | [22], 343 p. (t.3) |
| Dimensiones | 20.5 x 15 cm. |
| 500 ## - NOTA GENERAL | |
| Nota general | Con privilegio |
| 500 ## - NOTA GENERAL | |
| Nota general | Traducidos ahora en castellano |
| 500 ## - NOTA GENERAL | |
| Nota general | En portada: Dedicado al excelentissimo señor Don Thomas de Idiáquez, Capitán General de las Costa, y Exercitos de Andalucia |
| 500 ## - NOTA GENERAL | |
| Nota general | Estado físico: presenta encuadernación en pergamino, con lomo desprendido y algunas hojas manchadas |
| 650 14 - PUNTO DE ACCESO ADICIONAL DE MATERIA--TÉRMINO DE MATERIA | |
| Término de materia o nombre geográfico como elemento de entrada | Sermones |
| 9 (RLIN) | 21350 |
| 650 14 - PUNTO DE ACCESO ADICIONAL DE MATERIA--TÉRMINO DE MATERIA | |
| Término de materia o nombre geográfico como elemento de entrada | Cuaresma |
| 9 (RLIN) | 21672 |
| 700 1# - PUNTO DE ACCESO ADICIONAL--NOMBRE DE PERSONA | |
| Nombre de persona | peralta, Bernardo |
| Término indicativo de función/relación | Impresor |
| 9 (RLIN) | 21888 |
| 700 1# - PUNTO DE ACCESO ADICIONAL--NOMBRE DE PERSONA | |
| Nombre de persona | Idiáquez, Thomas de |
| 9 (RLIN) | 21889 |
| 902 ## - CATALOGADOR | |
| Iniciales | CFM |
| 942 ## - ELEMENTOS DE PUNTO DE ACCESO ADICIONAL (KOHA) | |
| Fuente del sistema de clasificación o colocación | Library of Congress Classification |
| Tipo de ítem Koha | Libros |
| Estado de retiro | Estado de pérdida | Estado dañado | No para préstamo | Localización permanente | Ubicación/localización actual | Fecha de adquisición | Total de préstamos | Signatura topográfica completa | Código de barras | Fecha visto por última vez | Precio válido a partir de | Tipo de ítem Koha |
|---|---|---|---|---|---|---|---|---|---|---|---|---|
| El ejemplar forma parte de la colección y puede ser consultado según las políticas vigentes. | Biblioteca del Museo Franz Mayer (Rogerio Casas-Alatriste) | Biblioteca del Museo Franz Mayer (Rogerio Casas-Alatriste) | 05/04/2017 | BE156 .M37 1730 | CFM00109 | 22/03/2019 | 22/03/2019 | Libros |